Clubs Champions de France 2017-2018 des principaux sports collectifs - Statistiques

Statistiques générales
  • Ce quiz a été pris 196 fois
  • Le résultat moyen est 3 sur 6
Statistiques - réponses
Réponse % Correct
Paris SG
99%
Castres Olympique
68%
Dragons de Rouen
42%
Tours VB
42%
Le Mans SB
40%
Team Strasbourg
32%
Aucun quiz correspondant
Distribution des résultats
% des personnes avec chaque résultat
Percentile par nombre de réponses
Votre historique - résultats
Vous n’avez pas pris ce quiz